You Said You Were Sorry-Selena Gomez, benny blanco (All Lyrics) - Statistics

General Stats
  • This quiz has been taken 9 times
  • The average score is 184 of 264
Answer Stats
Lyrics % Correct
a
100%
But
100%
He
100%
he
100%
I
100%
me
100%
me,
100%
on
100%
said
100%
sorry,
100%
sorry
100%
Sorry
100%
was
100%
We
100%
were
100%
you
100%
You
100%
you,
100%
all
83%
for
83%
had
83%
it
83%
it,
83%
love
83%
love,
83%
no-
83%
that
83%
That
83%
think
83%
can
67%
could
67%
Don't
67%
dream
67%
dream,
67%
ever
67%
everything
67%
him
67%
make
67%
now
67%
of
67%
Oh,
67%
put
67%
that's
67%
the
67%
without
67%
about
50%
baby
50%
crazy
50%
En-
50%
en-
50%
enough
50%
get
50%
Happy
50%
happy
50%
if
50%
is
50%
leave
50%
like
50%
My
50%
my
50%
ough,
50%
see
50%
than
50%
wouldn't
50%
bitch
33%
damn
33%
diamond
33%
even
33%
eyes
33%
fills
33%
flame,
33%
gets
33%
Malibu,
33%
melt
33%
More
33%
new
33%
Our
33%
paid
33%
should
33%
this
33%
try
33%
Type
33%
up,
33%
why
33%
back
17%
bawlin'
17%
both
17%
driving
17%
eyelids
17%
finally
17%
forgave
17%
lazy
17%
never
17%
PCH,
17%
people
17%
rain
17%
really
17%
yeah,
17%
yeah
17%
name,
0%
Spell
0%
No matching quizzes found
Score Distribution
Percent of People with Each Score
Percentile by Number Answered
Your Score History
You have not taken this quiz